| 000 | 00390nam a2200133Ia 4500 | ||
|---|---|---|---|
| 008 | 231129s1985||||xx |||||||||||||| ||spa|| | ||
| 040 | _bspa | ||
| 082 | _a001.42 L157m | ||
| 100 | _aLadron de Guevara Laureano | ||
| 245 | 0 | _aMetodologia de la investigacion cientifica : problemas del metodo en ciencias sociales | |
| 260 | _c1985 | ||
| 264 | _aUniversidad Santo Tomas | ||
| 942 |
_2ddc _cBKS |
||
| 999 |
_c21034 _d21034 |
||